| 000 | 00954cam a2200277 a 4500 | ||
|---|---|---|---|
| 001 | 3401657 | ||
| 003 | OSt | ||
| 005 | 20220225144308.0 | ||
| 008 | 930203s1990 cau b 000 0 eng d | ||
| 010 | _a 89080976 | ||
| 020 | _a0875166210 | ||
| 035 | _a(OCoLC)21597434 | ||
| 040 |
_aCoD _cCoD _dDLC |
||
| 042 | _alccopycat | ||
| 050 | 0 | 0 |
_aHN25 _b.F33 1990 |
| 100 | 1 | _aFadali, Moneim A. | |
| 245 | 1 | 0 |
_aCoping and beyond : _bbeing a surgeon's reflections on medicine, science, art, and a life worth living / _cMoneim A. Fadali. |
| 260 |
_aMarina del Rey, CA : _bDeVorss, _cc1990. |
||
| 300 |
_axiv, 161 p. ; _c23 cm. |
||
| 504 | _aIncludes bibliographical references. | ||
| 650 | 0 | _aQuality of life. | |
| 650 | 0 |
_aPhilosophy, Modern _y20th century. |
|
| 906 |
_a7 _bcbc _ccopycat _d4 _eopcn _f19 _gy-gencatlg |
||
| 942 |
_2lcc _cBOOKS _hHN25 .F33 1990 |
||
| 999 |
_c31240 _d31240 |
||